Learning to be a man : (Record no. 57)
[ view plain ]
| 000 -LEADER | |
|---|---|
| fixed length control field | 00621nam a2200217Ii 4500 |
| 001 - CONTROL NUMBER | |
| control field | 2810689 |
| 003 - CONTROL NUMBER IDENTIFIER | |
| control field | OSt |
| 005 - DATE AND TIME OF LATEST TRANSACTION | |
| control field | 20180806171804.0 |
| 008 - FIXED-LENGTH DATA ELEMENTS--GENERAL INFORMATION | |
| fixed length control field | 770317r19701975ilu 000 0 eng d |
| 020 ## - INTERNATIONAL STANDARD BOOK NUMBER | |
| International Standard Book Number | 0877846928 |
| 040 ## - CATALOGING SOURCE | |
| Original cataloging agency | CDC |
| Transcribing agency | CDC |
| 092 ## - LOCALLY ASSIGNED DEWEY CALL NUMBER (OCLC) | |
| Classification number | 305.31 |
| Item number | S642L |
| 100 1# - MAIN ENTRY--PERSONAL NAME | |
| Personal name | Smith, Kenneth G |
| 245 10 - TITLE STATEMENT | |
| Title | Learning to be a man : |
| Remainder of title | a man becomes a man when he becomes what God wants him to be / |
| Statement of responsibility, etc. | Kenneth G. Smith |
| 260 ## - PUBLICATION, DISTRIBUTION, ETC. | |
| Place of publication, distribution, etc. | Downers Grove, Ill. : |
| Name of publisher, distributor, etc. | InterVarsity Press, |
| Date of publication, distribution, etc. | [c1970, 1975 printing] |
| 300 ## - PHYSICAL DESCRIPTION | |
| Extent | 116 p. ; |
| Dimensions | 21 cm |
| 650 #0 - SUBJECT ADDED ENTRY--TOPICAL TERM | |
| Topical term or geographic name entry element | Marriage |
| 650 #0 - SUBJECT ADDED ENTRY--TOPICAL TERM | |
| Topical term or geographic name entry element | Husbands |
| 650 #0 - SUBJECT ADDED ENTRY--TOPICAL TERM | |
| Topical term or geographic name entry element | Human beings |
| 942 ## - ADDED ENTRY ELEMENTS (KOHA) | |
| Source of classification or shelving scheme | Dewey Decimal Classification |
| Koha item type | Books |
| Withdrawn status | Lost status | Source of classification or shelving scheme | Damaged status | Not for loan | Home library | Current library | Shelving location | Date acquired | Total Checkouts | Full call number | Barcode | Date last seen | Price effective from | Koha item type |
|---|---|---|---|---|---|---|---|---|---|---|---|---|---|---|
| Dewey Decimal Classification | Harvest Mission College | Harvest Mission College | General Stacks | 06.08.2018 | 305.31 S642L | 002521 | 06.08.2018 | 06.08.2018 | Books |
